<Le> guide du développement durable en entreprise
Uložené v:
| Hlavný autor: | |
|---|---|
| Ďalší autori: | |
| Médium: | Kniha |
| Jazyk: | French |
| Vydavateľské údaje: |
Paris
EYROLLES
2010
|
| Predmet: | |
| Tagy: |
Žiadne tagy, Buďte prvý, kto otaguje tento záznam!
|
MARC
| LEADER | 00000nam a2200000 4500 | ||
|---|---|---|---|
| 001 | 0210126 | ||
| 005 | 20221108071244.2 | ||
| 020 | |a 978-2-212-54311-7 | ||
| 041 | 0 | |a fre | |
| 044 | |a FR | ||
| 245 | 1 | 0 | |a <Le> guide du développement durable en entreprise |c Patrick Widloecher at Isabelle Querne |
| 264 | 1 | |a Paris |b EYROLLES |c 2010 | |
| 300 | |a 301 s. | ||
| 610 | 2 | 0 | |a podnik |
| 610 | 2 | 0 | |a rozvoj podniku |
| 610 | 2 | 0 | |a stratégia podniková |
| 610 | 2 | 0 | |a plánovanie |
| 610 | 2 | 0 | |a politika environmentálna |
| 610 | 2 | 0 | |a politika sociálna |
| 610 | 2 | 0 | |a ukazovatele |
| 610 | 2 | 0 | |a hodnota |
| 610 | 2 | 0 | |a pomoc finančná |
| 610 | 2 | 0 | |a kooperácia hospodárska medzinárodná |
| 610 | 2 | 0 | |a rozvoj vidieka |
| 610 | 2 | 0 | |a rozvoj technický |
| 610 | 2 | 0 | |a financovanie |
| 100 | 1 | |a Widloecher, Patrick | |
| 700 | 1 | |a Querne, Isabelle | |